| 000 | 01441nam0a22003251 4500 | ||
|---|---|---|---|
| 001 | rc\78643 | ||
| 005 | 20250620172601.0 | ||
| 010 |
_a5-250-01718-5 _9200000 |
||
| 035 | _a(NLR Aleph) 005349005 | ||
| 090 |
_a6776123 _c6776123 |
||
| 100 | _a20021216d1991 |||y0rusy50 ca | ||
| 101 | 0 | _arus | |
| 102 | _aRU | ||
| 105 | _ay ||||||||| | ||
| 200 | 1 |
_aОрдер на убийство _eСб. науч.-фантаст. рассказов _e[Пер. с англ.] _fРоберт Шекли |
|
| 210 |
_aМ. _cПолитиздат _d1991 |
||
| 215 |
_a95, [1] с. _d20 |
||
| 327 | 1 | _aСодерж.: Ордер на убийство; Кое-что задаром; Призрак-5; "Особый старательский"; Битва; Паломничество на Землю | |
| 464 | 0 |
_12001#$aОрдер на убийство _tОрдер на убийство |
|
| 464 | 0 |
_12001#$aКое-что задаром _tКое-что задаром |
|
| 464 | 0 |
_12001#$aПризрак-5 _tПризрак-5 |
|
| 464 | 0 |
_12001#$a"Особый старательский" _t"Особый старательский" |
|
| 464 | 0 |
_12001#$aБитва _tБитва |
|
| 464 | 0 |
_12001#$aПаломничество на Землю _tПаломничество на Землю |
|
| 700 | 1 |
_aШекли _bР. _f1928- _gРоберт |
|
| 801 | 0 |
_aRU _bNLR _gpsbo |
|
| 801 | 1 |
_aRU _bELAR _2rusmarc |
|
| 852 |
_aNLR _j91-4/3870 |
||
| 942 | _cBOOK | ||
| 980 | _aNB | ||